000 00558nam a2200193 4500
003 LK-CoMWRAF
005 20231004121206.0
008 230912b1990 |||||||| |||| 00| 0 eng d
040 _aLK-CoMWRAF
_dLK-CoMWRAF
_eLK-CoMWRAF
041 _aeng
082 _a297.122
_bALI
100 _aAl-Madinah, Mushaf et al.
245 _aThe Holy Qur-an :
_bEnglish translation of the meanings and commentary
260 _c1990
650 _aQuran-English Translation
700 _aEliyasee M. A. H.
_etrans.
700 _aAl-Madinah, Mushaf
_etrans.
942 _cBK
999 _c3558
_d3558